000 01035nam a2200277 a 4500
999 _c234310
_d234310
001 3440895
003 Nust
005 20170317122519.0
008 910720s1990 it b i000 0 eng
010 _a 91174226
020 _a978-81-261-3426-7
040 _aDLC
_cASAB
050 0 0 _aSB126.5
_b.S65 1990
082 0 0 _a631.5/85
_220
245 0 0 _aPropagation of horticultural crops
246 _ahorticultural crops
260 _aNew Delhi
_bAnmol publications pvt. ltd
_cc2008
300 _ax, 256 p. ;
_c30 cm.
490 1 _aFAO plant production and protection paper ;
_v101
504 _aIncludes bibliographical references (p. 174-188).
650 0 _aHydroponics.
710 2 _aFood and Agriculture Organization of the United Nations.
830 0 _aFAO plant production and protection papers ;
_v101.
906 _a7
_bcbc
_corignew
_d3
_encip
_f19
_gy-gencatlg
942 _2ddc
_cBK